ბათუმის შოთა რუსთაველის სახელმწიფო უნივერსიტეტის ბიბლიოთეკა

ქვეყნის ეკონომიკური განვითარების რეგულირების მექანიზმი და მისი პრაქტიკული რეალიზაციის გზები : (ბიბ.ჩანაწერი № 63548)

000 -ლიდერი
ფიქსირებული სიგრძის საკონტროლო ველი 01579nam a22002297a 4500
003 - საკონტროლო ნომრის იდენტიფიკატორი
საკონტროლო ველი Ge_BSU
005 - ბოლო ოპერაციის თარიღი და დრო
საკონტროლო ველი 20251028152922.0
008 - ფიქსირებული სიგრძის მონაცემთა ელემენტები - ზოგადი ინფორმაცია
ფიქსირებული სიგრძის საკონტროლო ველი 251028s2004 ge ||||| |||| 00| 0 geo d
020 ## - წიგნის საერთაშორისო სტანდარტული ნომერი
International Standard Book Number 9994000519
041 ## - ენის კოდი
Language code of text/sound track or separate title geo
080 ## - უნივერსალური ათობითი კლასიფიკაციის ინდექსი
Universal Decimal Classification number 330.34 : 338.24 : 339.727.22 ბ-96
100 ## - მთავარი ჩანაწერი - პიროვნების სახელი
Personal name ბურდული, ვახტანგ
9 (RLIN) 26122
245 ## - ცნობა სათაურის შესახებ
Title ქვეყნის ეკონომიკური განვითარების რეგულირების მექანიზმი და მისი პრაქტიკული რეალიზაციის გზები :
Remainder of title (საქართველოს მაგალითზე) /
Statement of responsibility, etc ვახტანგ ბურდული; [სამეცნ. რედ.: გიორგი წერეთელი]; საქ. მეცნ. აკად., ეკონომიკის ინ-ტი.
264 ## - წარმოების, გამოცემის, დისტრიბუციის და სხვა ცნობები
გამოცემის, წარმოების, დისტრიბუციის... ადგილი თბ. :
გამოცემის, წარმოების, დისტრიბუციის... სახელწოდება მეცნიერება,
გამოცემის, წარმოების, დისტრიბუციის... თარიღი 2004.
300 ## - ფიზიკური აღწერა
Extent 391 გვ. :
Other physical details ცხრ. ;
Dimensions 20 სმ.
500 ## - ზოგადი შენიშვნა
General note ტექსტი ქართ. და რუს. ენ.
504 ## - BIBLIOGRAPHY, ETC. NOTE
Bibliography, etc ბიბლიოგრ.: გვ. 357-380.
520 ## - SUMMARY, ETC.
Summary, etc რეზ. ინგლ. ენ.
653 ## - INDEX TERM--UNCONTROLLED
Uncontrolled term ეკონომიკის განვითარების რეგულირება საქართველოში
653 ## - INDEX TERM--UNCONTROLLED
Uncontrolled term ინვესტიციების კოორდინაცია საბაზრო ეკონომიკაზე გარდამავალ პერიოდში.
942 ## - ADDED ENTRY ELEMENTS (KOHA)
Source of classification or shelving scheme
Koha item type წიგნი
ეგზემპლარები
ჩამოწერის სტატუსი დაკარგული ეგზემპლარის სტატუსი კლასიფიკაციის წყარო ან თაროზე გაწყობის სქემა დაზიანების სტატუსი არ გაიცემა მუდმივი მდებარეობა (დაცვის ადგილი) ამჟამინდელი ადგილსამყოფელი თაროზე განთავსების ადგილი შეძენის თარიღი ღირებულება, შესყიდვის ნორმალური ფასი სრული შენახვის შიფრი შტრიხკოდი ბოლო ოპერაციის თარიღი ეგზემპლარის მიმდევრობითი ნომერი (კეტერი?) ფასის ძალაში შესვლის თარიღი ეგზემპლარის სახეობა საჯარო შენიშვნა
          ბათუმის შოთა რუსთაველის სახელმწიფო უნივერსიტეტის მთავარი ბიბლიოთეკა ბათუმის შოთა რუსთაველის სახელმწიფო უნივერსიტეტის მთავარი ბიბლიოთეკა წიგნსაცავი 2025-10-28 15.00 330.34 : 338.24 : 339.727.22 ბ-96 72840 2025-10-28 72840 2025-10-28 წიგნი 15 ლ.